Регионална библиотека "Любен Каравелов" - Русе

Търговските марки и авторските права в интернет пространството (Запис номер 176282)

MARC детайли
000 -Лидер
Контролно поле с фиксирана дължина 02040nam a2200421 c 4500
003 - Код на организацията, давaща контролен номер
Контролно поле BLK
005 - Дата и час на последна редакция
Контролно поле 20240212161144.0
008 - Елементи от данни с фиксирана дължина
fixed length control field 180411b bul|||||r ||||||| ||bul||
010 ## - Наследен системен номер
LC control number KNG00184887000
020 ## - Международен стандартен номер на книга ISBN
Международен стандартен номер на книга ISBN 978-954-608-224-4
-- издат.: Труд и право
040 ## - Източник на каталожния запис
Идентификатор на билиотеката - собственик на записа BLK
041 ## - Код за език
Код за езика на текст/звукозапис или на отделно заглавие Български
Код за езика КДБФ Български
072 #7 - Код за тематичната категория
Код организация bullib
Код за тематична категория Н30
Текст Обществени науки Н
080 ## - УДК
Текстов определител УДК Патентно право и право на запазена (търг.) марка. Регистрация на промишлени образци, проекти, наименования на фирми. Индустриална собственост (промишлена, научна)
УДК код - определител по УДК 347.77
УДК определител
УДК - код + определител 347.77
080 ## - УДК
Текстов определител УДК Интернет. Изчислителни системи. Мултиизчислителни комплекси и многомашинни мрежи
УДК код - определител по УДК 004.738.5
УДК определител .000.34
УДК - код + определител 004.738.5.000.34
100 1# - Редна дума - Автор
Автор Костов, Атанас
Авторска отговорност първи автор
R(LIN) 375366
139 ## - Редно поле
Редна дума Костов, Атанас
Авторски знак Кос - К 86
245 10 - Сведения за заглавието
Заглавие Търговските марки и авторските права в интернет пространството
Редно поле (дума) Атанас Костов.
257 ## - Страна на издаване
Страна на създаване/издаване България
260 ## - Област на издателските данни
-- София
Име на издателя, разпространителя и проч. Труд и право
Година на издаване 2015
Печатница София : Д. Благоев
300 ## - Физическа характеристика
Страници 248 с.
Размери/Мащаб 22 см
380 ## - Жанр
Жанр Обществени науки
500 ## - Общи забележки
Забележка Съдържа и за авт.
650 #4 - Допълнително описание по предмет – тема
Основно описание – тема или топоним Авторско право
9 (RLIN) 241576
650 #4 - Допълнително описание по предмет – тема
Основно описание – тема или топоним Търговски марки - правни въпроси
9 (RLIN) 280646
650 #4 - Допълнително описание по предмет – тема
Основно описание – тема или топоним Интернет - правни въпроси
9 (RLIN) 313004
653 ## - Ключова дума – ненормативна
Ключова дума авторско право
653 ## - Ключова дума – ненормативна
Ключова дума търговски марки
653 ## - Ключова дума – ненормативна
Ключова дума Интернет
653 ## - Ключова дума – ненормативна
Ключова дума правни проблеми
659 ## - Тематичен бюлетин
Тематичен бюлетин Н
852 ## - Местоположение
Форматна сигнатура Цб 278171
856 4# - Електронен адрес и достъп
Електронен формат pdf - файл
Път до файла /url/
856 4# - Електронен адрес и достъп
Електронен формат pdf - файл
Път до файла /url/
942 ## - АРТИКУЛИ
Вид на библиотечния материал Книги
Скрит в OPAC Не
Koha issues (borrowed), all copies 1
944 ## - СЪЗДАВАНЕ И РЕДАКЦИЯ на ЗАПИСА
Създаване/Редакция Създаване
Дата на регистрацията/редакция 16.11.2015
Статус, дата на статуса Галина Якимова
Служител, извършил регистрацията/редакцията 30564
944 ## - СЪЗДАВАНЕ И РЕДАКЦИЯ на ЗАПИСА
Създаване/Редакция Редакция
Дата на регистрацията/редакция 03.11.2016
Статус, дата на статуса ф /
Служител, извършил регистрацията/редакцията Людмила_Стоянова
999 ## - СИСТЕМНИ КОНТРОЛНИ НОМЕРА
Koha biblionumber 176282
Koha biblioitemnumber 176282
Наличности
Код за отписване Код за изгубен артикул Код за повреда Коз за рестрикции Код за отдаване Артикулен № Име на библиотеката - собственик Име на библиотеката, в която се намира в момента Статус (Текущо местоположение) Дата на вписване в системата Местоположение - отдел Цена в лева Инвентарен номер Систематично азбучна сигнатура Баркод Номер на екземпляра Цена в евро Служебна бележка Служебен тип на артикула
  Не е изгубен Не е повреден без рестрикции ползва се в читалня 303379 Регионална библиотека "Любен Каравелов" Русе Регионална библиотека "Любен Каравелов" Русе Хранилище 2015-11-17 Хранилище 19.80 120000794875 Цб 278171 120000794875 1 10.12 Дост: Dp Вид: Д N: 43 Дата: 05.10.2015 Книги
  Не е изгубен Не е повреден без рестрикции ползва се в читалня 303380 Регионална библиотека "Любен Каравелов" Русе Регионална библиотека "Любен Каравелов" Русе Читалня 2016-10-06 Читалня 19.80 120000804364 Ч 347/К 86 120000804364 2 10.12 Дост: DA Вид: А N: 35 Дата: 06.10.2016 Дата инв: 14.03.2017 Бележки инв: Ч2017 Книги
  Не е изгубен Не е повреден без рестрикции заемане за дома 303381 Регионална библиотека "Любен Каравелов" Русе Регионална библиотека "Любен Каравелов" Русе Заемна - подръчен фонд 2016-10-06 Заемна - подръчен фонд 19.80 120000804365 П 347.7/К 86 120000804365 3 10.12 Дост: DA Вид: А N: 35 Дата: 06.10.2016 Дата инв: 07.02.2018 Бележки инв: П2018 Книги
Vip Innovations Ltd, Rousse, Bulgaria 2025